UITU Library & LRC     

Accounting for management: text & cases. (Record no. 17878)

MARC details
000 -LEADER
fixed length control field 00496nam a2200181Ia 4500
008 - FIXED-LENGTH DATA ELEMENTS--GENERAL INFORMATION
fixed length control field 240925s9999 xx 000 0 und d
020 ## - INTERNATIONAL STANDARD BOOK NUMBER
International Standard Book Number 9780706998278
082 ## - DEWEY DECIMAL CLASSIFICATION NUMBER
Classification number 658.1511 BHA
100 ## - MAIN ENTRY--PERSONAL NAME
Personal name Bhattacharya, S. K.
245 #0 - TITLE STATEMENT
Title Accounting for management: text & cases.
250 ## - EDITION STATEMENT
Edition statement 3rd
260 ## - PUBLICATION, DISTRIBUTION, ETC.
Place of publication, distribution, etc. New Delhi:
Name of publisher, distributor, etc. Vikas Publishing House Pvt Ltd
Date of publication, distribution, etc. ,2000.
300 ## - PHYSICAL DESCRIPTION
Extent Various pages
Other physical details N.A
Type of unit Original
500 ## - GENERAL NOTE
General note Includes Index
600 ## - SUBJECT ADDED ENTRY--PERSONAL NAME
Personal name Management
650 ## - SUBJECT ADDED ENTRY--TOPICAL TERM
Topical term or geographic name entry element Management
942 ## - ADDED ENTRY ELEMENTS (KOHA)
Koha item type Books
Holdings
Withdrawn status Lost status Damaged status Not for loan Collection Home library Current library Date acquired Source of acquisition Total checkouts Full call number Barcode Date last seen Price effective from Koha item type
        Managament Sciences UITU Library UITU Library 04/28/2021 Paramount Book Pvt Ltd   658.1511 BHA Q15379 09/25/2024 09/25/2024 Books

Powered by Koha